| 000 | 00440nam a2200169Ia 4500 | ||
|---|---|---|---|
| 005 | 20250508152948.0 | ||
| 008 | 008 250505s9999 xx 000 0 hin d | ||
| 037 | _aTextual | ||
| 040 |
_aFEDL _beng _cFEDL |
||
| 041 |
_ahin _2eng |
||
| 084 |
_a923.7, DIX _qFEDL |
||
| 100 |
_aDixit Braham Dutt _9762851 |
||
| 245 | 0 | _aPaschatya shikshashastri | |
| 300 | _a101p. | ||
| 942 |
_cTEXL _h923.7, DIX |
||
| 999 |
_c1339855 _d1339855 |
||